LEADER 01075nam a2200277 i 4500 001 000000136799 003 CaOOAMICUS 005 20050401000000.0 008 050401s1997 it u000 u ita u 013 $a110518 020 $a88-04-42274-2 040 $aSeMil$bita 100 1 $aDesiato, Luca.$0(OLS)http://semarc/name/31182 245 10$aGiuliano l'apostata :$bromanzo /$cLuca Desiato. 260 $aMilano :$bMondadori,$c1997. 300 $a427 p. ;$c23 cm. 490 0 $aScrittori italiani 500 $aIn mezzo al front. : Dedica autografa dell'Autore al Card. C.M. Martini. - Fondo Card. C.M. Martini. 830 0$aScrittori italiani.$0(OLS)http://semarc/title/6775 850 $aSeMil 852 $aSeMil$W1$xVenegono$y1$m1O VI 60$j90384$B90384$CSeMilBibl$Z2$F95237 $81 941 1 $a4 961 $aOmaggio: Martini Card. Carlo Maria 996 $6020$a88-04-42274-2$9(OLS)http://semarc/number/124385 996 $6245$aGiuliano l'apostata :$bromanzo$9(OLS)http://semarc/title/199888 996 $6260$aMilano :$bMondadori$9(OLS)http://semarc/publisher/30335 LEADER 01028nam a2200277 4500 001 000000331539 003 CaOOAMICUS 005 20181207102925.0 008 181206s2018 it 000 u ita r 020 $a978-88-938461-1-0 040 $aSeMil$bita 100 1 $aMarozzi Bonzi, Paola.$0(OLS)http://semarc/name/77000 245 10$aPer un bambino /$cPaola Marozzi Bonzi. 264 1$aRoma :$bEuropa Edizioni,$c2018. 300 $a241 p. ;$c21 cm 490 1 $aEdificare universi 541 1 $aFondo Mons. Mario Delpini 650 4$aAborto.$0(OLS)http://semarc/subject/5781 830 0$aEdificare universi.$0(OLS)http://semarc/title/420111 850 $aSeMil 852 $aSeMil$W1$xVenegono$y1$m2E VII 33$j210995$B224694$CSeMilBibl$Z2$F224694 $81 941 1 $a7 996 $6020$a978-88-938461-1-0$9(OLS)http://semarc/number/285794 996 $6245$aPer un bambino$9(OLS)http://semarc/title/420262 996 $6264$aRoma :$bEuropa Edizioni$9(OLS)http://semarc/publisher/58030